01358nam a22003857a 4500003000400000005001700004008004100021040002200062082001700084100005300101245001400154260007800168300001900246366000800265490002400273505001600297505001500313505001600328505003700344505002900381505009300410505002800503505001600531505003500547505002400582505002400606505002500630650004100655650005000696650004300746650004800789650004300837650004400880650004800924OSt20230518104241.0221006b |||||||| |||| 00| 0 eng d cBiblioteca Lado V a701.1bS744a aSrendni de Birbragher, Celiaeeditoraedirectora aArtNexus/ bAsociación de Revistas Culturalesc2018aCanadaaAmerica LatinaaBrasil c24x30cma132p. espa a109v17x0120 713 X tIvan Argote tAlmandrade tSandu Darie tBienalesa11 Bienal del Mercosur tFotografiaaAbdu Eljaiek tExposicionesaLeon Ferrari Maria Jose Arjona La Metropolis en America Latina 1830-1930 tCrónicas Individuales tColectivas  tGuía de Galerías y Museos  tLIbros y Catalogos  tReseñas de libros tLibros para la Venta 2Tesauro de Arte & ArquitecturaaARTE 2Tesauro de Arte & ArquitecturaaEXPOSICIONES  2Tesauro de Arte & ArquitecturaaBIENAL 2Tesauro de Arte & ArquitecturaaAPRECIACION 2Tesauro de Arte & ArquitecturaaTEORIA 2Tesauro de Arte & ArquitecturaaCRITICA 2Tesauro de Arte & ArquitecturaaFOTOGRAFIA